00563 2200193 4500001002100000005001500021035002000036007000300056008004100059020001800100082001000118084001600128100001500144245009700159260004400256300003500300650002000335990001400355INLIS00000000000245420250730115153 a0010-0725000560ta250730 g 0 ind  a0-8160-1461-2 a658.3 a658.3 TIM s0 aTimpe Dale1 aSeri Manajemen Sumber Daya Manusia, Mengelola Waktu ( The Management Of Time ) /cDale Timpe aJakarta :bAlex Media Komputindo,c1991 av, 431 hlm :bilus. ;c23,7 cm 4aManajemen Waktu aBUN025704